PHARMACOLOGY PRAP MANUAM FOR U.G. (Record no. 1258)

MARC details
000 -LEADER
fixed length control field 00351nam a2200145Ia 4500
008 - FIXED-LENGTH DATA ELEMENTS--GENERAL INFORMATION
fixed length control field 150201s2011 xx 000 0 und d
082 ## - DEWEY DECIMAL CLASSIFICATION NUMBER
Classification number 615
Item number P11S
100 ## - MAIN ENTRY--PERSONAL NAME
Personal name SHANBHAG, T.V.
245 ## - TITLE STATEMENT
Title PHARMACOLOGY PRAP MANUAM FOR U.G.
250 ## - EDITION STATEMENT
Edition statement 1ST
260 ## - PUBLICATION, DISTRIBUTION, ETC. (IMPRINT)
Name of publisher, distributor, etc. ELSEVIER
Place of publication, distribution, etc. DELHI
Date of publication, distribution, etc. 2011
300 ## - PHYSICAL DESCRIPTION
Extent 1-484
650 ## - SUBJECT ADDED ENTRY--TOPICAL TERM
Topical term or geographic name as entry element PHARMACOLOGY
942 ## - ADDED ENTRY ELEMENTS (KOHA)
Source of classification or shelving scheme Dewey Decimal Classification
Koha item type Books
Koha issues (borrowed), all copies 121
Holdings
Withdrawn status Lost status Source of classification or shelving scheme Damaged status Not for loan Collection code Home library Current library Shelving location Date acquired Source of acquisition Cost, normal purchase price SGTU Bill Number Total Checkouts Total Renewals Full call number Barcode Date last seen Date last checked out Bill Date Koha item type
    Dewey Decimal Classification     MEDICAL SGT Medical Library SGT Medical Library Text Book 11/11/2011 UBS 645.00 SGTU 518 88 2 615 P11S FM4779 25/05/2026 14/05/2026 17/11/2011 Books
weeded-out   Dewey Decimal Classification     MEDICAL SGT Medical Library SGT Medical Library Text Book 11/11/2011 UBS 645.00 SGTU 518 20   615 P11S FM4780 11/03/2020 26/02/2020 17/11/2011 Books
    Dewey Decimal Classification     MEDICAL SGT Medical Library SGT Medical Library Text Book 11/11/2011 UBS 645.00 SGTU 518 87 1 615 P11S FM4781 12/06/2025 11/06/2025 17/11/2011 Books
weeded-out   Dewey Decimal Classification     MEDICAL SGT Medical Library SGT Medical Library Text Book 11/11/2011 UBS 645.00 SGTU 518 29   615 P11S FM4782 01/10/2021 27/09/2021 17/11/2011 Books